LEADER 00892nam0-22003251i-450- 001 990000450620403321 005 20070716115926.0 010 $a0-333-21217-7 035 $a000045062 035 $aFED01000045062 035 $a(Aleph)000045062FED01 035 $a000045062 100 $a20020821d1976----km-y0itay50------ba 101 0 $aeng 105 $aa-------001yy 200 1 $aAutomata$fDavid Hopkin, Barbara Moss 210 $aLondon$cMacMillan press$d1976 215 $a170 p.$cill.$d23 cm 225 1 $aMacMillan computer science series 610 0 $aTeoria della macchina$aAutomazione 676 $a629.892 700 1$aHopkin,$bDavid$025155 701 1$aMoss,$bBarbara$0491154 801 0$aIT$bUNINA$gRICA$2UNIMARC 901 $aBK 912 $a990000450620403321 952 $a10 D III 306$b10265$fDINEL 959 $aDINEL 996 $aAutomata$9334098 997 $aUNINA LEADER 03194nam 2200649 450 001 9910454389303321 005 20200520144314.0 010 $a1-58053-936-X 035 $a(CKB)1000000000533982 035 $a(EBL)338754 035 $a(OCoLC)476154891 035 $a(SSID)ssj0000131342 035 $a(PQKBManifestationID)11159924 035 $a(PQKBTitleCode)TC0000131342 035 $a(PQKBWorkID)10017626 035 $a(PQKB)11162027 035 $a(MiAaPQ)EBC338754 035 $a(Au-PeEL)EBL338754 035 $a(CaPaEBR)ebr10240776 035 $a(OCoLC)427509686 035 $a(CaBNVSL)mat09100308 035 $a(IEEE)9100308 035 $a(EXLCZ)991000000000533982 100 $a20200730d2007 uy 101 0 $aeng 135 $aur|n|---||||| 181 $ctxt 182 $cc 183 $acr 200 10$aCounterdeception principles and applications for national security /$fMichael Bennett, Edward Waltz 210 1$aNorwood, Massachusetts :$cArtech House,$d2007. 210 2$a[Piscataqay, New Jersey] :$cIEEE Xplore,$d[2007] 215 $a1 online resource (351 p.) 225 1 $aArtech House intelligence and information operations library 300 $aDescription based upon print version of record. 311 $a1-58053-935-1 320 $aIncludes bibliographical references and index. 327 $aForeword; Preface; Chapter 1 Deception and the Need for Counterdeception 1; Chapter 2 Introduction to Deception Principles; Chapter 3 The Cognitive Aspects of Deception: Why Does Deception Work?; Chapter 4 Technical Methods of Deception; Chapter 5 Principles of Counterdeception; Chapter 6 Nontechnical Approaches to Counterdeception; Chapter 7 Technical Methods of Counterdeception; Chapter 8 Counterdeception Architectures and Technologies; Chapter 9 Speculations About the Future of Deception and Counterdeception; About the Authors; Index. 330 $aToday, more than ever, the use of denial and deception (D & D) is being used to compensate for an opponent?s military superiority, to obtain or develop weapons of mass destruction, and to violate international agreements and sanctions. Although the historical literature on the use of strategic deception is widely available, technical coverage of the subject is scattered in hard-to-find and out-of-print sources. This is the first technical volume to offer a current, comprehensive and systematic overview of the concepts and methods that underlie strategic deception and, more importantly, to provid. 410 0$aArtech House intelligence and information operations library. 606 $aDeception (Military science) 606 $aDisinformation 606 $aNational security 608 $aElectronic books. 615 0$aDeception (Military science) 615 0$aDisinformation. 615 0$aNational security. 676 $a355.41 700 $aBennett$b Michael$0559763 701 $aWaltz$b Edward$0931944 801 0$bCaBNVSL 801 1$bCaBNVSL 801 2$bCaBNVSL 906 $aBOOK 912 $a9910454389303321 996 $aCounterdeception principles and applications for national security$92254021 997 $aUNINA LEADER 01355aam 2200385I 450 001 9910710771803321 005 20160421112335.0 024 8 $aGOVPUB-C13-3230e20fbb70c146b65c89f299b34419 035 $a(CKB)5470000002478587 035 $a(OCoLC)947047665 035 $a(EXLCZ)995470000002478587 100 $a20160421d2004 ua 0 101 0 $aeng 181 $2rdacontent 182 $2rdamedia 183 $2rdacarrier 200 10$aInteger representation of decimal numbers for exact computations /$fJavier Bernal; Christoph Witzgall 210 1$aGaithersburg, MD :$cU.S. Dept. of Commerce, National Institute of Standards and Technology,$d2004. 215 $a1 online resource 225 1 $aNISTIR ;$v7144 300 $a2004. 300 $aContributed record: Metadata reviewed, not verified. Some fields updated by batch processes. 300 $aTitle from PDF title page. 320 $aIncludes bibliographical references. 700 $aBernal$b Javier$01392165 701 $aBernal$b Javier$01392165 701 $aWitzgall$b Christoph$012950 712 02$aNational Institute of Standards and Technology (U.S.) 801 0$bNBS 801 1$bNBS 801 2$bGPO 906 $aBOOK 912 $a9910710771803321 996 $aInteger representation of decimal numbers for exact computations$93487171 997 $aUNINA